000 00665nam a2200229Ia 4500
003 OSt
005 20220918210248.0
006 a|||||r|||| 00| 0
007 ta
008 220917b |||||||| |||| 00| 0 eng d
024 _a119,854
037 _cTextual
040 _aARTS
_cARTS
_beng
041 _2eng
_aeng
082 _aV73:19(zD).N7, L9
100 _aMarks John
_920401
245 0 _aSearch for the manchurian candisate the story of the CIA secret efforts to control human behaviour
260 _aAllen
_blane penguin
_c1979
650 _aHISTORY
942 _hV73:19(zD).N7, L9
_cTEXL
_2CC
999 _c243113
_d243113